000 01393nam a2200337 a 4500
001 ebr10682389
003 CaPaEBR
006 m u
007 cr cn|||||||||
008 130411s2013 gw adf sb 001 0 eng d
020 _z9783527409952
020 _z9783527329045
020 _z9783527647057 (e-book)
040 _aCaPaEBR
_cCaPaEBR
035 _a(OCoLC)841169553
050 1 4 _aTK7874.85
_b.A48 2013eb
082 0 4 _a668.3
_222
100 1 _aAltomare, Fabio.
245 1 0 _aOne-dimensional superconductivity in nanowires
_h[electronic resource] /
_cFabio Altomare and Albert M. Chang.
260 _aWeinheim, Germany :
_bWiley-VCH,
_c2013.
300 _axxxvi, 307 p., 16 plates (some col.) :
_bill. (some col.)
504 _aIncludes bibliographical references and index.
505 0 _apt. 1. Theoretical aspects of Superconductivity in 1D nanowires -- pt. 2. Review of experiments on 1D superconductivity.
533 _aElectronic reproduction.
_bPalo Alto, Calif. :
_cebrary,
_d2013.
_nAvailable via World Wide Web.
_nAccess may be limited to ebrary affiliated libraries.
650 0 _aNanowires.
650 0 _aSuperconductivity.
655 7 _aElectronic books.
_2local
700 1 _aChang, Albert M.
710 2 _aebrary, Inc.
856 4 0 _uhttp://site.ebrary.com/lib/rucke/Doc?id=10682389
_zAn electronic book accessible through the World Wide Web; click to view
999 _c32181
_d32181